00712naa a2200181 a 450000100080000000500110000800800410001910000220006024500870008226000090016952002200017865300110039865300120040965300210042165300210044265300210046377300460048411241022015-07-03 2014 bl uuuu u00u1 u #d1 aBALDISSERA, I. T. aComite de gerenciamento do uso da ??gua tem nova diretoria.h[electronic resource] c2014 aTrata do comit?? de bacia chapec??&iran?? em renova????o de diretoria na proporcionalidade 40%usu??rios; 40% sociedade civil e 20% poder publico. A Epagri ocupa uma cadeira na diretoria e representa o poder publico. acomite agest??o apolitica publica arecurso h??drico asustentabilidade tO Cooperalfa, Chapec??,n. 5, p. 32, 2014.